[Event "Memorial Sukharev (open)"]
[Site "masterchessopen.com Novosibirsk (Russia)"]
[Date "2011.07.20"]
[Round "3"]
[White "Vshivkov Vitaly (RUS)"]
[Black "Itkin Alexander (RUS)"]
[Result "1-0"]
[WhiteElo "1824"]
[BlackElo "2018"]

1.d4 Nf6 2.c4 g6 3.Nc3 d5 4.cxd5 Nxd5 5.e4 Nxc3 6.bxc3 Bg7 7.Bc4 c5 8.Ne2 Nc6
9.Be3 O-O 10.O-O Bg4 11.f3 Na5 12.Bd3 cxd4 13.cxd4 Be6 14.Qa4 b6 15.Rac1 f5
16.d5 fxe4 17.fxe4 Rxf1+ 18.Kxf1 Qd6 19.Kg1 Be5 20.g3 Bg4 21.Bf4 Rf8 22.Bxe5
Qxe5 23.Qd4 Qg5 24.Nf4 e5 25.dxe6 Bxe6 26.Rc7 Bf7 27.Ne6 Qd2 28.Qg7# 1-0

[Event "Ch Europe (juniors) (under 16)"]
[Site "masterchessopen.com Albena (Bulgaria)"]
[Date "2011.09.12"]
[Round "2"]
[White "Mindlin Alon (ISR)"]
[Black "Bagi Mate (HUN)"]
[Result "0-1"]
[WhiteElo "2146"]
[BlackElo "2343"]

1.d4 Nf6 2.c4 g6 3.Nc3 d5 4.cxd5 Nxd5 5.e4 Nxc3 6.bxc3 Bg7 7.Bc4 c5 8.Ne2 O-O
9.O-O Nc6 10.Be3 Bg4 11.f3 Na5 12.Bd3 cxd4 13.cxd4 Be6 14.d5 Bxa1 15.Qxa1 f6
16.Bh6 Re8 17.Kh1 Rc8 18.Nf4 Bd7 19.e5 Nc4 20.e6 Bb5 21.Qe1 Nd6 22.Bxg6 hxg6
23.Qg3 Bd3 24.Nxd3 Kh7 25.Bd2 Nf5 26.Qh3+ Kg7 27.Qg4 Rh8 28.Nf4 Qe8 29.g3 Rc2
30.Rf2 Rxa2 31.d6 Nxd6 32.Nd5 Ra4 33.Bf4 Nf5 34.h4 Qc6 35.Rd2 Qc1+ 36.Kg2 Ra1
37.Kh3 Qh1+ 38.Rh2 Qf1+ 39.Rg2 Ra2 {#R} 0-1

[Event "Ch Europe (juniors) (under 16) (g)"]
[Site "masterchessopen.com Albena (Bulgaria)"]
[Date "2011.09.13"]
[Round "3"]
[White "Baraeva Irina (RUS)"]
[Black "Gaboyan Susanna (ARM)"]
[Result "1-0"]
[WhiteElo "2204"]
[BlackElo "1853"]

1.d4 Nf6 2.c4 g6 3.Nc3 d5 4.cxd5 Nxd5 5.e4 Nxc3 6.bxc3 Bg7 7.Bc4 c5 8.Ne2 Nc6
9.Be3 O-O 10.O-O Bg4 11.f3 Na5 12.Bd3 cxd4 13.cxd4 Be6 14.d5 Bxa1 15.Qxa1 f6
16.Qd4 Bd7 17.e5 fxe5 18.Qxe5 Qb8 19.Qe4 e5 20.Qb4 b6 21.Ng3 Nb7 22.Bh6 Rf7
23.Ne4 Bf5 24.d6 Bxe4 25.Bxe4 Nc5 26.Bxa8 Qxa8 27.Qc4 Qc8 28.Qd5 Nd7 29.Re1
{#r} 1-0

[Event "It (open)"]
[Site "masterchessopen.com Zdar nad Sazavou (Czech Republic)"]
[Date "2011.09.24"]
[Round "1"]
[White "Doskar Miloslav (CZE)"]
[Black "Siebenburger Vlastimil (CZE)"]
[Result "0-1"]
[WhiteElo "1757"]
[BlackElo "2077"]

1.d4 Nf6 2.c4 g6 3.Nc3 d5 4.cxd5 Nxd5 5.e4 Nxc3 6.bxc3 c5 7.Bc4 Bg7 8.Ne2 cxd4
9.cxd4 Nc6 10.Be3 O-O 11.O-O Bg4 12.f3 Na5 13.Bd3 Be6 14.Qd2 Nc4 15.Bxc4 Bxc4
16.Rfc1 Bxe2 17.Qxe2 Bxd4 18.Rd1 Bxa1 19.Rxd8 Rfxd8 20.Kf1 Bd4 21.Bh6 Rac8
22.g4 Rc3 23.e5 Rc5 24.e6 f5 25.gxf5 Rxf5 26.Kg2 Re5 27.Qc4 Rc5 28.Qb4 b5
29.h4 Rd6 30.Bf4 Rdd5 31.Qb3 a5 32.Bg5 Be5 33.a4 b4 34.Be3 Bd4 35.Bg5 {#R} 0-1

[Event "It (open)"]
[Site "masterchessopen.com Marseilles (France)"]
[Date "2011.12.26"]
[Round "2"]
[White "Esposito Julie (FRA)"]
[Black "Maruejols Claude (FRA)"]
[Result "1-0"]
[WhiteElo "1774"]
[BlackElo "2039"]

1.d4 Nf6 2.c4 g6 3.Nc3 d5 4.cxd5 Nxd5 5.e4 Nxc3 6.bxc3 Bg7 7.Bc4 c5 8.Ne2 O-O
9.O-O Nc6 10.Be3 Na5 11.Bd3 Bg4 12.f3 cxd4 13.cxd4 Be6 14.d5 Bxa1 15.Qxa1 f6
16.Bh6 Re8 17.Kh1 Bd7 18.e5 Rc8 19.Qd4 a6 20.Nf4 Qc7 21.exf6 Qc5 22.f7+ {#r}
1-0

[Event "It (open)"]
[Site "masterchessopen.com Krakow (Poland)"]
[Date "2011.12.30"]
[Round "4"]
[White "Coursaget Nicolas (FRA)"]
[Black "Shilov Sergej (UKR)"]
[Result "1-0"]
[WhiteElo "2309"]
[BlackElo "2188"]

1.d4 Nf6 2.c4 g6 3.Nc3 d5 4.cxd5 Nxd5 5.e4 Nxc3 6.bxc3 Bg7 7.Bc4 O-O 8.Ne2 c5
9.Be3 cxd4 10.cxd4 Nc6 11.O-O Bg4 12.f3 Na5 13.Bd3 Be6 14.d5 Bxa1 15.Qxa1 f6
16.Bh6 Re8 17.Nf4 Bf7 18.Kh1 Qd6 19.Qe1 Qc7 20.e5 fxe5 21.Ne6 Qd6 22.Bb5 Bxe6
23.Bxe8 Qxd5 24.Ba4 Rc8 25.f4 Qc4 26.Bd1 e4 27.f5 Bxf5 28.Bd2 Qxa2 29.Bxa5 b6
30.Bd2 Qb1 31.Bh6 Qd3 32.Be2 Qd5 33.Qa1 Kf7 34.g4 e3+ 35.Bf3 {#r} 1-0

[Event "Ch Kimry"]
[Site "masterchessopen.com Kimry (Russia)"]
[Date "2012.01.03"]
[Round "3"]
[White "Dobrovolsky Konstantin"]
[Black "Ustinov Alexey (RUS)"]
[Result "1-0"]
[WhiteElo "2221"]
[BlackElo "2131"]

1.d4 Nf6 2.c4 g6 3.Nc3 d5 4.cxd5 Nxd5 5.e4 Nxc3 6.bxc3 Bg7 7.Bc4 O-O 8.Ne2 c5
9.O-O Nc6 10.Be3 cxd4 11.cxd4 Na5 12.Bd3 Bg4 13.f3 Be6 14.Rc1 b6 15.Qd2 Rc8
16.d5 Bd7 17.Ba6 Rxc1 18.Rxc1 Qb8 19.Bf4 Be5 20.Bxe5 Qxe5 21.Qc3 Qg5 22.f4 Qh5
{#r} 1-0

[Event "Ch Europe"]
[Site "masterchessopen.com Plovdiv (Bulgaria)"]
[Date "2012.03.24"]
[Round "5"]
[White "Pacher Milan (SVK)"]
[Black "Socko Bartosz (POL)"]
[Result "0-1"]
[WhiteElo "2402"]
[BlackElo "2636"]

1.d4 Nf6 2.c4 g6 3.Nc3 d5 4.cxd5 Nxd5 5.e4 Nxc3 6.bxc3 Bg7 7.Bc4 c5 8.Ne2 Nc6
9.Be3 O-O 10.O-O Bg4 11.f3 Na5 12.Bd3 cxd4 13.cxd4 Be6 14.d5 Bxa1 15.Qxa1 f6
16.Bh6 Re8 17.Kh1 Rc8 18.Nf4 Bd7 19.e5 Nc4 20.e6 Ba4 21.Nxg6 hxg6 22.Bxg6 Ne5
23.Be4 Bc2 24.Qe1 Bxe4 25.fxe4 Kh7 26.Rf5 Ng6 27.Rh5 Rh8 28.h3 Kg8 29.e5 fxe5
30.Qb1 Qe8 31.Qxb7 Rh7 32.Qxa7 Qb5 33.Qf2 Qxd5 34.Qf5 Qd1+ 35.Kh2 Qc2 36.Qf3
e4 37.Qg4 Qc7+ {#R} 0-1

[Event "Cup Belgrade (team)"]
[Site "masterchessopen.com Belgrade (Serbia)"]
[Date "2012.04.19"]
[Round "2"]
[White "Poleksic Petar (SRB)"]
[Black "Maksimovic Marko (SRB)"]
[Result "0-1"]
[WhiteElo "1639"]
[BlackElo "2186"]

1.d4 Nf6 2.c4 g6 3.Nc3 d5 4.cxd5 Nxd5 5.e4 Nxc3 6.bxc3 c5 7.Bc4 Bg7 8.Be3 O-O
9.Ne2 Nc6 10.O-O Na5 11.Bd3 Bg4 12.f3 cxd4 13.cxd4 Be6 14.Rc1 Bxa2 15.Qa4 Bb3
16.Qb4 b6 17.Rc3 Be6 18.Rfc1 Rc8 19.Rxc8 Bxc8 20.d5 e6 21.d6 Nb7 22.Rc6 Be5
23.Bf4 Bxf4 24.Nxf4 Qg5 25.Nh3 Qe3+ 26.Nf2 Nc5 27.Bf1 Bb7 28.Rxb6 axb6 29.Qxb6
Bc8 30.g3 e5 31.Kg2 Be6 32.Bb5 Ra8 33.d7 Qd4 34.Qc6 Rf8 35.h3 Bxd7 36.Qf6 h5
37.Bf1 Ra8 38.g4 Ra2 39.Qd8+ Kg7 {#R} 0-1

[Event "Ch Valencia"]
[Site "masterchessopen.com Valencia (Spain)"]
[Date "2012.04.22"]
[Round "7"]
[White "Marti Blanes Jose Manuel (ESP)"]
[Black "Sos Andreu Erik (ESP)"]
[Result "0-1"]
[WhiteElo "1947"]
[BlackElo "2143"]

1.d4 Nf6 2.c4 g6 3.Nc3 d5 4.cxd5 Nxd5 5.e4 Nxc3 6.bxc3 Bg7 7.Bc4 c5 8.Ne2 O-O
9.O-O Nc6 10.Be3 Bg4 11.f3 Na5 12.Bd3 cxd4 13.cxd4 Be6 14.d5 Bxa1 15.Qxa1 f6
16.Rd1 Bf7 17.Nd4 a6 18.f4 Rc8 19.Qb2 b5 20.f5 Nc4 21.Bxc4 Rxc4 22.Qe2 Qd6
23.fxg6 hxg6 24.Qg4 Qa3 25.Bh6 Rfc8 26.Nc6 Re8 27.Rf1 Qc5+ 28.Kh1 Qxd5
29.Qxg6+ Bxg6 30.exd5 Be4 31.Re1 Kh7 32.Bd2 Bxd5 33.Nxe7 Re4 34.Rxe4 Bxe4
35.Bb4 Kg7 36.Kg1 Kf7 37.Kf2 Rxe7 {#R} 0-1

[Event "It (open)"]
[Site "masterchessopen.com Hamburg (Germany)"]
[Date "2012.07.08"]
[Round "2"]
[White "Nedic Dusan (GER)"]
[Black "Bildat Juergen (GER)"]
[Result "1-0"]
[WhiteElo "2296"]
[BlackElo "2090"]

1.c4 Nf6 2.Nc3 d5 3.cxd5 Nxd5 4.d4 g6 5.e4 Nxc3 6.bxc3 Bg7 7.Bc4 c5 8.Ne2 O-O
9.O-O Nc6 10.Be3 Bg4 11.f3 Na5 12.Bd3 cxd4 13.cxd4 Be6 14.d5 Bxa1 15.Qxa1 f6
16.Rd1 Bd7 17.Nf4 g5 18.Nh5 Be8 19.Ng3 Bg6 20.Ne2 Be8 21.h4 h6 22.hxg5 hxg5
23.f4 gxf4 24.Nxf4 Bf7 25.e5 Kg7 26.Qd4 Rh8 27.Qe4 a6 28.Ne6+ Bxe6 29.Qg6+ Kf8
30.dxe6 Qe8 31.Bh6+ Rxh6 32.Qxh6+ Kg8 33.Qh7+ Kf8 34.Qh8# 1-0

[Event "It (open) \"]
[Site "masterchessopen.com Jyvaskyla (Finland)"]
[Date "2012.07.11"]
[Round "4"]
[White "Klukin Kirill (RUS)"]
[Black "Solozhenkin Evgeniy (RUS)"]
[Result "0-1"]
[WhiteElo "1995"]
[BlackElo "2472"]

1.d4 Nf6 2.c4 g6 3.Nc3 d5 4.cxd5 Nxd5 5.e4 Nxc3 6.bxc3 Bg7 7.Bc4 O-O 8.Ne2 c5
9.Be3 Nc6 10.O-O Bg4 11.f3 Na5 12.Bd3 cxd4 13.cxd4 Be6 14.d5 Bxa1 15.Qxa1 f6
16.Bh6 Re8 17.Kh1 a6 18.Nf4 Bf7 19.g4 Qc7 20.Rg1 Rac8 21.Qe1 Qc3 22.Qf1 Nc4
23.Bxc4 Qxc4 24.Qf2 Qc2 25.Qh4 Qc3 26.Qf2 Qc5 27.Qg2 Qe3 28.Qh3 Rc1 29.Ne2
Rxg1+ 30.Nxg1 g5 {#R} 0-1

[Event "Ch Bulgaria (open) (w)"]
[Site "masterchessopen.com Vratsa (Bulgaria)"]
[Date "2012.07.24"]
[Round "2"]
[White "Milutinovic Stefana (SRB)"]
[Black "Vasileva Veronik (BUL)"]
[Result "1-0"]
[WhiteElo "1896"]
[BlackElo "1748"]

1.d4 Nf6 2.c4 g6 3.Nc3 d5 4.cxd5 Nxd5 5.e4 Nxc3 6.bxc3 Bg7 7.Bc4 c5 8.Ne2 Nc6
9.Be3 O-O 10.O-O Na5 11.Bd3 Bg4 12.f3 cxd4 13.cxd4 Be6 14.d5 Bxa1 15.Qxa1 f6
16.Qd4 Bd7 17.e5 e6 18.h4 fxe5 19.Qxe5 Rf7 20.Bd4 Kf8 21.Qh8+ Ke7 22.Bc5# 1-0